The ugly duckling
| Other Authors: | , |
|---|---|
| Format: | Book |
| Published: |
Bath :
Parragon ,
2012
|
| Subjects: |
MARC
| LEADER | 00000cam a2200000 7i4500 | ||
|---|---|---|---|
| 001 | 0000192118 | ||
| 005 | 20150402.0 | ||
| 020 | |a 9781445489209 | ||
| 090 | 0 | 0 | |a JF |b UGL |
| 245 | 0 | 4 | |a The ugly duckling |c retold by Sarah Delmege; illustrated by Polona Lovsin |
| 260 | |a Bath : |b Parragon , |c 2012 | ||
| 300 | |a p.v. : |b col.ill. ; |c 29cm. | ||
| 650 | 0 | |a Children's stories | |
| 700 | 1 | |a Delmege, Sarah | |
| 700 | 1 | |a Lovsin, Polona | |
| 999 | |a 00305918 |b BUKU |c PINJAMAN |e PERPUSTAKAAN KOMUNITI CAW KOTA DAMANSARA | ||